书目信息 |
| 题名: |
党员教育管理工作实用手册
|
|
| 作者: | 《党员教育管理工作实用手册》编写组编 | |
| 分册: | ||
| 出版信息: | 北京 国家行政学院出版社 2019.06 |
|
| 页数: | 233页 | |
| 开本: | 24cm | |
| 丛书名: | 新时代基层党组织标准化、规范化建设丛书 | |
| 单 册: | ||
| 中图分类: | D261.42-62 , D267-62 | |
| 科图分类: | ||
| 主题词: | ||
| 电子资源: | ||
| ISBN: | 978-7-5150-2342-7 | |
| 000 | 01408nam 2200289 450 | |
| 001 | CAL 009592257 | |
| 005 | 20230308143222.0 | |
| 010 | @a978-7-5150-2342-7@dCNY48.00 | |
| 100 | @a20190624d2019 em y0chiy0120 ea | |
| 101 | 0 | @achi |
| 102 | @aCN@b110000 | |
| 105 | @aa z 000yy | |
| 106 | @ar | |
| 200 | 1 | @a党员教育管理工作实用手册@Adang yuan jiao yu guan li gong zuo shi yong shou ce@f《党员教育管理工作实用手册》编写组编 |
| 205 | @a图表版 | |
| 210 | @a北京@c国家行政学院出版社@d2019.06 | |
| 215 | @a233页@c图@d24cm | |
| 225 | 2 | @a新时代基层党组织标准化、规范化建设丛书@Axin shi dai ji ceng dang zu zhi biao zhun hua 、 gui fan hua jian she cong shu |
| 300 | @a根据《中国共产党支部工作条例 (试行) 》、《中国共产党党员教育管理工作条例》编写 | |
| 330 | @a本书以党章为遵循, 以新时代中央关于党员教育管理工作的一系列方针政策为指导, 介绍了党员教育管理工作的基本要求, 包括党员教育管理的基本内容、党员组织关系、党的组织生活、党籍党龄党费的管理、流动党员教育管理等方面的基本知识和程序, 并收录了党章、中央有关党员教育管理工作的政策文件等内容。 | |
| 410 | 0 | @12001 @a新时代基层党组织标准化、规范化建设丛书 |
| 601 | 02 | @a中国共产党@Azhong guo gong chan dang@x党员@x思想政治教育@x教育工作@j手册 |
| 601 | 02 | @a中国共产党@Azhong guo gong chan dang@x基层组织@x组织建设@j手册 |
| 690 | @aD261.42-62@v5 | |
| 690 | @aD267-62@v5 | |
| 801 | 0 | @aCN@bBJXHXP@c20230308 |
| 905 | @b1392340-4@dD261.42-62@e2018@f5 | |
| 党员教育管理工作实用手册/《党员教育管理工作实用手册》编写组编.-图表版.-北京:国家行政学院出版社,2019.06 |
| 233页:图;24cm.-(新时代基层党组织标准化、规范化建设丛书) |
| 根据《中国共产党支部工作条例 (试行) 》、《中国共产党党员教育管理工作条例》编写 |
| ISBN 978-7-5150-2342-7:CNY48.00 |
| 本书以党章为遵循, 以新时代中央关于党员教育管理工作的一系列方针政策为指导, 介绍了党员教育管理工作的基本要求, 包括党员教育管理的基本内容、党员组织关系、党的组织生活、党籍党龄党费的管理、流动党员教育管理等方面的基本知识和程序, 并收录了党章、中央有关党员教育管理工作的政策文件等内容。 |
| ● |
| 相关链接 |
|
|
|
|
正题名:党员教育管理工作实用手册
索取号:D261.42-62/2018
 
预约/预借
| 序号 | 登录号 | 条形码 | 馆藏地/架位号 | 状态 | 备注 |
| 1 | 1392340 | 213923405 | 第一样本阅览室/ [索取号:D261.42-62/2018] | 在馆 | |
| 2 | 1392341 | 213923414 | 第一借阅区/ [索取号:D261.42-62/2018] | 在馆 | |
| 3 | 1392342 | 213923423 | 第一借阅区/ [索取号:D261.42-62/2018] | 在馆 | |
| 4 | 1392343 | 213923432 | 第一借阅区/ [索取号:D261.42-62/2018] | 在馆 | |
| 5 | 1392344 | 213923441 | 第一借阅区/ [索取号:D261.42-62/2018] | 在馆 |